| 000 | 01782cam a22003495a 4500 | ||
|---|---|---|---|
| 001 | 17019482 | ||
| 005 | 20150707141848.0 | ||
| 008 | 111020t2013 moua frbd 001 0 eng d | ||
| 020 | _a9780323083478 (pbk. : alk. paper) | ||
| 040 |
_aDNLM/DLC _cDLC _beng _dEG-ScBUE |
||
| 082 | 0 | 4 |
_a615.854 _bNIX _222 |
| 100 | 1 |
_aNix, Staci. _938221 |
|
| 245 | 1 | 0 |
_aWilliams' basic nutrition and diet therapy / _cStaci Nix. |
| 246 | 3 | 0 | _aBasic nutrition and diet therapy |
| 246 | 3 | _aWilliams' basic nutrition & diet therapy | |
| 250 | _a14th ed. | ||
| 260 |
_aMissouri : _bElsevier Mosby, _cc.2013. |
||
| 300 |
_axxi, 538 p. : _bill. (col.) ; _c26 cm. |
||
| 500 | _aIndex : p. 522-538. | ||
| 500 | _aGlossary : p.516-521. | ||
| 504 | _aIncludes bibliographical references. | ||
| 505 | 0 | _aFood, nutrition, and health -- Carbohydrates -- Fats -- Proteins -- Digestion, absorption, and metabolism -- Energy balance -- Vitamins -- Minerals -- Water balance -- Nutrition during pregnancy and lactation -- Nutrition in infancy, childhood, and adolescence -- Nutrition for adults : the early, middle, and later years -- Community food supply and health -- Food habits and cultural patterns -- Weight management -- Nutrition and physical fitness -- Nutritional care -- Gastrointestinal and accessory organ problems -- Coronary heart disease and hypertension -- Diabetes mellitus -- Kidney disease -- Surgery and nutrition support -- Nutrition support in cancer and AIDS. | |
| 590 | _ashima | ||
| 650 | 1 | 2 |
_aDiet Therapy. _2BUEsh |
| 650 | 2 | 2 |
_aFood Habits. _2BUEsh |
| 650 | 2 | 2 |
_aNutritional Physiological Phenomena. _2BUEsh _936547 |
| 650 | 2 | 2 |
_aNutritional Requirements. _2BUEsh |
| 651 | _2BUEsh | ||
| 653 |
_bNNUR _cJuly2015 |
||
| 655 |
_vreading book _934232 |
||
| 942 |
_2ddc _k615.854 NIX |
||
| 999 |
_c20229 _d20201 |
||